| 000 | 01413cam a22003857a 4500 | ||
|---|---|---|---|
| 003 | CHAP | ||
| 005 | 20220329141905.0 | ||
| 008 | 980420d1996 mx a r 00110 spa d | ||
| 010 | _a75341 | ||
| 011 | _a76313 | ||
| 035 | _a85892 | ||
| 040 | _cCHAP | ||
| 090 | _aTesis | ||
| 100 | 0 | 0 |
_aLópez Meza, Antonio. _968122 |
| 245 | 1 | 0 |
_aSistemas de organización tradicional y asociación de productores en Tenejapa, Chiapas, México _c/por Antonio López Meza |
| 260 |
_aSan Cristobal de Las Casas, Chiapas : _bEl autor, _c1996. |
||
| 300 |
_a193 h. : _bilus. ; mapas ; gráfs. |
||
| 502 | _aTesis (M. C. en Desarrollo Rural) -- UACH. Dirección de Centros Reginales | ||
| 590 |
_aALEPH _b10 _c20130110 _lUCH01 _h1424 |
||
| 590 |
_aBATCH-UPD _b10 _c20130110 _lUCH01 _h1508 |
||
| 590 |
_aBATCH-UPD _b10 _c20130410 _lUCH01 _h0926 |
||
| 590 |
_aBATCH-UPD _b10 _c20130914 _lUCH01 _h0809 |
||
| 590 |
_aCONVERSION _b10 _c20130109 _lUCH01 _h1341 |
||
| 650 | 1 | 4 |
_aCampesinado _xChiapas. _918001 |
| 650 | 1 | 4 |
_aChiapas _xCondiciones rurales. _922226 |
| 650 | 1 | 4 |
_aChiapas _xCondiciones sociales. _922227 |
| 650 | 1 | 4 |
_aOrganización de productores. _983544 |
| 650 | 1 | 4 |
_aTierras _xTenencia _xChiapas. _9113149 |
| 650 | 2 | 4 |
_aCafeticultores. _917080 |
| 901 | _aBK | ||
| 905 | _aLilia Sánchez G. | ||
| 942 | _cFOLL | ||
| 949 |
_bBC _cTES _d33724000589255 _eTS2 _fc.2 _h32522 _i85892 _sb |
||
| 949 |
_bBC _cTES _d858921 _eTS1 _h32521 _i85892 _sb |
||
| 999 |
_c75341 _d75341 |
||